| 000 | 00928nmm a2200277 a 4500 | ||
|---|---|---|---|
| 003 | AR-BaBNM | ||
| 005 | 20251128211348.0 | ||
| 008 | 234020s2002 ||||||||||||||000 | spa|| | ||
| 020 | _a987-43-5491-7 | ||
| 040 | _cAR-BaBNM | ||
| 100 | 1 | _aZarankin, Andrés | |
| 245 | 1 | 0 |
_aParedes que domesticam: arqueologia da arquitetura escolar capitalista _bo caso de Buenos Aires |
| 260 |
_aCampinas _bCentro de Historia da Arte e Arqueología. Universidad Nacional de Campinas _c2002 |
||
| 300 | _a182 p. | ||
| 500 | _aContiene tablas con datos estadísticos | ||
| 504 | _aContiene referencias bibliográficas p. 143-159 | ||
| 650 | 4 | _aANTROPOLOGIA DE LA EDUCACION | |
| 650 | 4 | _aEDIFICIOS ESCOLARES | |
| 650 | 4 | _aDISCIPLINA ESCOLAR | |
| 651 | 4 | _aBuenos Aires [Capital Federal] | |
| 653 | _aARQUITECTURA ESCOLAR | ||
| 653 | _aINSTITUCIONES EDUCATIVAS | ||
| 653 | _aESPACIOS EDUCATIVOS | ||
| 942 | _cBK | ||
| 998 | _craquel | ||
| 999 |
_c19340 _d19340 |
||